ARRUPE JESUIT UNIVERSITY

CORONAVIRUS -STOP THE SPREAD - CLEAN,DISINFECT,COVER

Quantum chance and non-locality : (Record no. 121562)

MARC details
000 -LEADER
fixed length control field 01285cam a2200313 a 4500
001 - CONTROL NUMBER
control field 4488105
003 - CONTROL NUMBER IDENTIFIER
control field ARRUPE
005 - DATE AND TIME OF LATEST TRANSACTION
control field 20150109114124.0
008 - FIXED-LENGTH DATA ELEMENTS--GENERAL INFORMATION
fixed length control field 970313s1998 enka b 001 0 eng
010 ## - LIBRARY OF CONGRESS CONTROL NUMBER
LC control number 97008813
020 ## - INTERNATIONAL STANDARD BOOK NUMBER
International Standard Book Number 0521581273
040 ## - CATALOGING SOURCE
Original cataloging agency DLC
Transcribing agency DLC
Modifying agency DLC
050 00 - LIBRARY OF CONGRESS CALL NUMBER
Classification number QC174.12
Item number .D53 1998
082 00 - DEWEY DECIMAL CLASSIFICATION NUMBER
Classification number 530.12
Edition number 21
300 ## - PHYSICAL DESCRIPTION
Other physical details ill. ;
Dimensions 26 cm.
100 1# - MAIN ENTRY--PERSONAL NAME
Personal name Dickson, William Michael,
Dates associated with a name 1968-
9 (RLIN) 13640
245 10 - TITLE STATEMENT
Title Quantum chance and non-locality :
Remainder of title probability and non-locality in the interpretations of quantum mechanics /
Statement of responsibility, etc W. Michael Dickson.
260 ## - PUBLICATION, DISTRIBUTION, ETC. (IMPRINT)
Place of publication, distribution, etc Cambridge ;
-- New York, NY :
Name of publisher, distributor, etc Cambridge University Press,
Date of publication, distribution, etc 1998.
300 ## - PHYSICAL DESCRIPTION
Extent xix, 244 p. :
504 ## - BIBLIOGRAPHY, ETC. NOTE
Bibliography, etc Includes bibliographical references (p. 231-241) and index.
650 #0 - SUBJECT ADDED ENTRY--TOPICAL TERM
Topical term or geographic name as entry element Quantum theory.
9 (RLIN) 13641
650 #0 - SUBJECT ADDED ENTRY--TOPICAL TERM
Topical term or geographic name as entry element Physics
General subdivision Philosophy.
9 (RLIN) 13642
650 #0 - SUBJECT ADDED ENTRY--TOPICAL TERM
Topical term or geographic name as entry element Determinism (Philosophy)
9 (RLIN) 13643
650 #0 - SUBJECT ADDED ENTRY--TOPICAL TERM
Topical term or geographic name as entry element Chance.
9 (RLIN) 2817
856 42 - ELECTRONIC LOCATION AND ACCESS
Materials specified Publisher description
Uniform Resource Identifier <a href="http://www.loc.gov/catdir/description/cam028/97008813.html">http://www.loc.gov/catdir/description/cam028/97008813.html</a>
856 41 - ELECTRONIC LOCATION AND ACCESS
Materials specified Table of contents
Uniform Resource Identifier <a href="http://www.loc.gov/catdir/toc/cam021/97008813.html">http://www.loc.gov/catdir/toc/cam021/97008813.html</a>
906 ## - LOCAL DATA ELEMENT F, LDF (RLIN)
a 7
b cbc
c orignew
d 1
e ocip
f 19
g y-gencatlg
942 ## - ADDED ENTRY ELEMENTS (KOHA)
Source of classification or shelving scheme Library of Congress Classification
Koha item type Monograph ( Printed materials)
Holdings
Withdrawn status Lost status Source of classification or shelving scheme Damaged status Not for loan Collection code Home library Current library Shelving location Date acquired Total Checkouts Full call number Barcode Checked out Date last seen Date checked out Price effective from Koha item type
    Library of Congress Classification     Main Collection ARRUPE LIBRARY ARRUPE LIBRARY Main Collection 09/01/2015 1 QC174.12 .D53 1998 46500003383 01/01/2026 18/12/2025 18/12/2025 09/01/2015 Monograph ( Printed materials)

 

Arrupe Library. PO Box MP320 Mt Pleasant, Harare, Zimbabwe
263 242 745411|librarian@aju.ac.zw